| 000 | 00000nam##2200000za#4500 |
| 001 | 9.643665 |
| 003 | CaOODSP |
| 005 | 20210624224256 |
| 007 | cr ||||||||||| |
| 008 | 150407|1975||||xxc|||||o f|0| 0 fre|d |
| 040 | |aCaOODSP|bfre |
| 043 | |an-cn--- |
| 086 | 1 |aA53-1377/1975F-PDF |
| 110 | 1 |aCanada.|bAgriculture Canada. |bDirection générale de recherche. |
| 245 | 13|aLa luzerne au Canada / |h[ressource électronique]|c[par] D.H. Heinrichs. |
| 246 | 14|aLuzerne au Canada |
| 260 | |aOttawa - Ontario : |bAgriculture Canada. |c1969, réimprimé 1972, 1975. |
| 300 | |a32p.|btableaux, photographies |
| 500 | |a«Digitized by the Internet Archive in 2012 with funding from Agriculture and Agri-Food Canada - Agriculture et Agroalimentaire Canada»--p. 4 de 32. |
| 504 | |aBibliographie. |
| 590 | |a15-01-Supp|b2015-01-26 |
| 856 | 40|ahttp://publications.gc.ca|qPDF|s2.9 Mo|uhttps://publications.gc.ca/collections/collection_2014/aac-aafc/agrhist/A53-1377-1975-fra.pdf |
| 986 | |a1377 |